Adjusting to reality (Бичлэгийн дугаар. 145990)
| 000 -УДИРДЛАГА | |
|---|---|
| Удирдлага | 00711nam a22002777a 4500 |
| 003 - ХЯНАЛТЫН ТОО ТОДОРХОЙЛОГЧ | |
| Код | MN-UlNUM |
| 005 - БИЧИЛТ ХИЙСЭН ОГНОО | |
| Тухайн бичилтийг бичсэн засварласан сүүлийн огноо | 20251219161939.0 |
| 008 - ЕРӨНХИЙ МЭДЭЭЛЭЛ | |
| Ерөнхий мэдээлэл | 251219s1992 cau 00| | eng d |
| 020 ## - ISBN | |
| ISBN | 1558151575 |
| -- | 1558151574 |
| 040 ## - БИЧЛЭГ ҮҮСГЭГЧ БАЙГУУЛЛАГА | |
| Бичлэг үүсгэгч номын сангийн код | МУИС-ийн номын сан |
| 084 ## - ББК АНГИЛАЛ | |
| Нэмэлт тусгалт | Нэг сэдэвт бүтээл |
| ББК ангилал | 65.6 |
| Зохиогчийн гурван тэмдэгт | K 56 |
| Мэдлэгийн ялгаа | 65 - Эдийн засаг |
| 100 ## - ЗОХИОГЧ | |
| Зохиогчийн нэр | Klitgaard, Robert |
| 245 ## - ҮНДСЭН ГАРЧИГ | |
| Номын нэр | Adjusting to reality |
| 260 ## - ГАРАЛТЫН МЭДЭЭ | |
| Хэвлэгдсэн газар | San Francisco |
| Хэвлэлийн газар | Press |
| Хэвлэгдсэн он | 1992 |
| 300 ## - МАТЕРИАЛЫН ТОДОРХОЙЛОЛТ | |
| хуудасны тоо | 46 p. |
| 500 ## - Тайлбар | |
| Дансны дугаар | БС 4390 |
| 546 ## - ХЭЛНИЙ ТУХАЙ МЭДЭЭ | |
| Хэл | Англи хэл дээр, |
| 653 ## - Түлхүүр үг | |
| Түлхүүр үг | politics |
| 653 ## - Түлхүүр үг | |
| Түлхүүр үг | economy |
| 740 ## - НОМЫН ГАРЧИГ | |
| Гарчиг | The Free-Market Revolution |
| 740 ## - НОМЫН ГАРЧИГ | |
| Гарчиг | The Checkered Record |
| 740 ## - НОМЫН ГАРЧИГ | |
| Гарчиг | Information and making markets work |
| 740 ## - НОМЫН ГАРЧИГ | |
| Гарчиг | Improving Governments |
| 942 ## - ЭЛЕМЕНТИЙН ТӨРӨЛ | |
| Зүйлийн төрөл | Ном |
